| 000 | 00507nam a22001695i 4500 | ||
|---|---|---|---|
| 999 |
_c118145 _d118145 |
||
| 001 | 20839375 | ||
| 005 | 20200811155000.0 | ||
| 008 | 190205s2019 nyu 000 0 eng | ||
| 020 | _a9783030126711 | ||
| 040 | _cPK-LaUMT | ||
| 082 |
_a307.12160941 _bUND- |
||
| 245 | 0 | 0 |
_aUnderstanding the impacts of deregulation in planning : _bturning offices into homes? / _cby Ben Clifford . . . [et al.] |
| 250 | _a225 p. | ||
| 260 |
_aSwitzerland : _bPalgrave Macmillan/ _c2019 |
||
| 300 | _a224 p. | ||
| 942 | _cBK | ||